000 00317nam a2200121Ia 4500
008 190216s9999||||xx |||||||||||||| ||und||
100 _aAgarwal Op
245 0 _aNational Defence Academy Examination
260 _b"Avadh Prakashan , Agra"
_c1984
300 _a247p
650 _aNational Defence Academy
942 _cREF
999 _c35560
_d35560